Chan Marshall / (Record no. 97)

MARC details
000 -LEADER
campo de control de longitud fija 01045cam a2200337 a 4500
001 - NÚMERO DE CONTROL
campo de control 5417328
003 - IDENTIFICADOR DE NÚMERO DE CONTROL
campo de control AQWOLKTG
005 - FECHA Y HORA DE LA ÚLTIMA TRANSACCIÓN
campo de control 20220326193249.0
008 - DATOS DE LONGITUD FIJA--INFORMACIÓN GENERAL
campo de control de longitud fija 050510s2005 sp 000 p spa c
020 ## - NÚMERO INTERNACIONAL ESTÁNDAR DEL LIBRO
Número Internacional Estándar del Libro 8475225756
035 ## - NÚMERO DE CONTROL DEL SISTEMA
Número de control de sistema (OCoLC)ocm60372807
035 ## - NÚMERO DE CONTROL DEL SISTEMA
Número de control de sistema (NNC)5417328
040 ## - FUENTE DE CATALOGACIÓN
Centro catalogador/agencia de origen PL#
Centro/agencia transcriptor PL#
Centro/agencia modificador IQU
-- NNC
042 ## - CÓDIGO DE AUTENTICACIÓN
Código de autenticación pcc
050 #4 - SIGNATURA TOPOGRÁFICA DE LA BIBLIOTECA DEL CONGRESO
Número de clasificación PQ7489.2.C496
Número de ítem C53 2005
082 ## - NÚMERO DE LA CLASIFICACIÓN DECIMAL DEWEY
Número de clasificación 861.728.6
Número de ítem C512c
100 1# - ENTRADA PRINCIPAL--NOMBRE DE PERSONA
Nombre de persona Chaves, Luis,
Fechas asociadas al nombre 1969-
9 (RLIN) 481
245 10 - MENCIÓN DEL TÍTULO
Título Chan Marshall /
Mención de responsabilidad, etc. Luis Chaves.
260 ## - PUBLICACIÓN, DISTRIBUCIÓN, ETC.
Lugar de publicación, distribución, etc. Madrid :
Nombre del editor, distribuidor, etc. Visor Libros,
Fecha de publicación, distribución, etc. [2005]
300 ## - DESCRIPCIÓN FÍSICA
Extensión 87 p. ;
Dimensiones 20 cm.
490 1# - MENCIÓN DE SERIE
Mención de serie Colección Visor de poesía ;
Designación de volumen o secuencia v. 575
500 ## - NOTA GENERAL
Nota general Poems.
500 ## - NOTA GENERAL
Nota general "III Premio Fray Luis de León de la Diputación Provincial de Cuenca".
650 ## - PUNTO DE ACCESO ADICIONAL DE MATERIA--TÉRMINO DE MATERIA
Término de materia o nombre geográfico como elemento de entrada Literatura
Subdivisión de forma Poesía
Subdivisión geográfica Costa Rica
9 (RLIN) 562
653 ## - TÉRMINO DE INDIZACIÓN--NO CONTROLADO
Término no controlado Literatura costarriquense
-- Poesías
-- Siglo XX.
653 ## - TÉRMINO DE INDIZACIÓN--NO CONTROLADO
Término no controlado Poesía costarriquense
-- Siglo XX.
700 ## - ENTRADA AGREGADA--NOMBRE PERSONAL
Nombre de persona Luis Chaves
9 (RLIN) 482
830 #0 - PUNTO DE ACCESO ADICIONAL DE SERIE-TÍTULO UNIFORME
Título uniforme Colección Visor de poesía ;
Designación de volumen o secuencia v. 575.
9 (RLIN) 483
948 1# - PROCESAMIENTO DE INFORMACIÓN LOCAL (OCLC); DESIGNADOR DE PARTE DE LA SERIE (RLIN)
Designador de la parte de la serie, SPT (RLIN) 20050908
b (OCLC) c
c (OCLC) as2107
d (OCLC) MPS
Holdings
Estatus retirado Estado de pérdida Fuente del sistema de clasificación o colocación Estado de daño No para préstamo Biblioteca de origen Biblioteca actual Ubicación en estantería Fecha de adquisición Total de préstamos Signatura topográfica completa Código de barras Visto por última vez Precio de reemplazo Tipo de ítem Koha
    Clasificación Decimal Dewey     Biblioteca LadoV Biblioteca LadoV   03/05/2014   861.728.6 C512c 000088 03/05/2014 03/05/2014 Material 01